000 00929nas a2200289 4500
001 BR7702192
003 BR-BrBNA
005 20231205083150.0
007 ta
008 230509b bl.|||p| |||| 00| 00por d
040 _aBR-BrBNA
_bpor
_cBiblioteca Nacional de Agricultura
041 _a(Pt)
072 _aF50
100 1 _aBan, A.D. (Instituto de Psquisas Agronomicas, Porto Alegre, RS (Brazil)) Strehl, T.
100 1 _aSanchotene, M. do C.C.
100 1 _aSouza, B.H. de
100 1 _aMuller, L.
245 1 _aEstudo comparativo da anatomia foliar em 21 cultivares de soja (Glycine max (L.)Merrill)
650 _aEstrutura vegetal
650 _aSoja
650 _aMorfologia vegetal
650 _aFolha
650 _aAnatomia vegetal
773 0 _tAgronomia Sulriograndense (Brazil)
_xISSN 0400-8111
_g(1977), v. 13(2) p. 277-308
_wBR7702192
909 _a202311
_bLúcia
_c55
_dLúcia Elande
942 _2AGRIS
_n0
_cANA
999 _c96844
_d96844